Le 9 aziende italiane con più fatturato 2019 - Statistics

Statistiche generali
  • Questo quiz è stato fatto 65 volte
  • Il punteggio medio è 3 su 9
Statistiche sulle risposte
Hint Risposta % Corretto
1 Exor/Stellantis/Fiat
87%
2 Eni/Agip
48%
4 Enel
42%
5 Intesa Sanpaolo
27%
3 Assicurazioni Generali/Generali
22%
8 Telecom
20%
6 Unicredit
17%
7 Poste Italiane/Posta
15%
9 Unipol
7%
Nessun quiz corrispondente trovato
Distribuzione punteggi
Percentuale di utenti per punteggio
Percentile per numero di risposta
I tuoi punteggi nel tempo
Non hai fatto questo quiz